Meta-Programming and Model-Driven Meta-Program Development : Principles, Processes and Techniques /

שמור ב:
מידע ביבליוגרפי
מחבר ראשי: Vytautas .tuikys, Robertas Dama.evi.ius (autor)
פורמט: ספר
שפה:אנגלית
יצא לאור: Londres, Inglaterra : Springer, 2013, c2013
סדרה:(Advanced Information and Knowledge Processing)
גישה מקוונת:Ver documento en línea
תגים: הוספת תג
אין תגיות, היה/י הראשונ/ה לתייג את הרשומה!

MARC

LEADER 00000nam^a22000000a04500
001 000611594
009 20260411195626.775
020 |a 978-1-4471-4126-6 
022 |a 2197-8441 
037 |a Acervo ITESO - Biblioteca 
041 |a ING 
082 |a Libro en línea 
100 |a Vytautas .tuikys, Robertas Dama.evi.ius  |e (autor) 
245 |a Meta-Programming and Model-Driven Meta-Program Development :  |b Principles, Processes and Techniques / 
264 4 |a Londres, Inglaterra :  |b Springer,  |c 2013, c2013 
264 2 |a Cham, Suiza :  |b Springer Link [distribución],  |c 2025 
300 |a 1 libro electrónico en línea (XVIII, 326 p.) 
300 |a 1 recurso en línea 
336 |a datos para computadora  |b cod  |2 rdacontenido 
337 |a computadora  |b c  |2 rdamedio 
338 |a recurso en línea  |b cr  |2 rdasoporte 
440 |a (Advanced Information and Knowledge Processing) 
506 0 |a Licencias ilimitadas 
567 |a Catalogación rápida 
649 |a XX 
856 4 0 |u https://link-springer-com.ezproxy.iteso.mx/10.1007/978-1-4471-4126-6  |y Ver documento en línea 
910 |a Fondo General 
920 |a Electrónicos - Libros en Línea 
930 |a Plataforma Digital 
905 |a 205 
902 |a https://opac.biblio.iteso.mx/vufind/Record/000611594